000 00560nam a2200205 i 4500
001 97916
003 ES-MaACL
005 20230906182201.0
007 t|
008 050719s1946 fr ||||1| fre d
100 1 _aMaritain, Jacques.
_976903
245 1 0 _aReligion et culture /
_cJacques Maritain.
250 _a2ª ed.
260 _aParis :
_bDesclée de Brouwer,
_c1946.
300 _a110 p. ;
_c19 cm.
490 1 _aQuestions disputées
830 0 _aQuestions disputées
_9184445
852 _aES-MaACL
_jD-5286
_bR.30316
999 _c97916
_d97916